[Event "CAN/QC op"]
[Site "Montreal CAN"]
[Date "2002.07.13"]
[Round "6"]
[White "Bolduc, Steve"]
[Black "Brassard, Sylvain"]
[Result "1-0"]
[WhiteElo "2268"]
[BlackElo "1771"]
[PlyCount "77"]
[EventDate "2002.07.13"]
[EventType "swiss"]
[EventRounds "9"]
[EventCountry "CAN"]

1. d4 d5 2. Nf3 Nc6 3. Bf4 Bf5 4. e3 e6 5. Be2 Bd6 6. Bg3 Nge7 7. c4 dxc4 8.
Bxc4 Bg6 9. Nc3 O-O 10. O-O Nf5 11. a3 Bxg3 12. hxg3 Nd6 13. Bb3 h6 14. Rc1 Ne4
15. Qe2 Ne7 16. Ne5 Bh7 17. Rfd1 c6 18. Nxe4 Bxe4 19. f3 Bh7 20. e4 Ng6 21. Nc4
b5 22. Ne3 Qb6 23. Qf2 Ne7 24. Ng4 Rac8 25. Rc5 Rfd8 26. Rdc1 Ng6 27. d5 h5 28.
Rxc6 Qxf2+ 29. Nxf2 Rxc6 30. Rxc6 exd5 31. Rc7 dxe4 32. Rxf7 Kh8 33. Rxa7 Bg8
34. Bxg8 Kxg8 35. Nxe4 Rd1+ 36. Kh2 Rb1 37. b4 Ne5 38. Ng5 Kf8 39. Ne6+ 1-0

[Event "CAN/QC op"]
[Site "Montreal CAN"]
[Date "2002.07.17"]
[Round "6"]
[White "Cardin-St-Antoine, Benoit"]
[Black "Khaziyeva, Dinara"]
[Result "1-0"]
[WhiteElo "1518"]
[BlackElo "2076"]
[PlyCount "61"]
[EventDate "2002.07.13"]
[EventType "swiss"]
[EventRounds "9"]
[EventCountry "CAN"]

1. d4 Nf6 2. c4 g6 3. Nc3 Bg7 4. g3 d6 5. Bg2 O-O 6. e4 Nc6 7. Nge2 e5 8. dxe5
Nxe5 9. b3 Bg4 10. f4 Ned7 11. Qc2 Bxe2 12. Kxe2 Re8 13. Kd2 Nc5 14. Re1 a5 15.
Bb2 a4 16. Rad1 a3 17. Ba1 Nfd7 18. Ke2 Ne6 19. Kf1 g5 20. Qf2 gxf4 21. gxf4
Nec5 22. Re3 Re6 23. Bh3 Rh6 24. Rg3 Kf8 25. Qg2 Rg6 26. Bf5 Rxg3 27. Qxg3 h6
28. Ke2 Nf6 29. Nd5 Ne6 30. Rg1 c6 31. Bxe6 1-0

[Event "CAN/QC op"]
[Site "Montreal CAN"]
[Date "2002.07.17"]
[Round "6"]
[White "Chokshi, Manthan"]
[Black "Nogueiras, Jesus"]
[Result "1/2-1/2"]
[WhiteElo "2231"]
[BlackElo "2587"]
[PlyCount "24"]
[EventDate "2002.07.13"]
[EventType "swiss"]
[EventRounds "9"]
[EventCountry "CAN"]

1. e4 Nf6 2. Nc3 d5 3. exd5 Nxd5 4. Bc4 Nb6 5. Bb3 Nc6 6. a4 a5 7. Nge2 g6 8.
d4 Bg7 9. Be3 O-O 10. Qd2 Nb4 11. O-O-O Bg4 12. f3 Bf5 1/2-1/2

[Event "CAN/QC op"]
[Site "Montreal CAN"]
[Date "2002.07.17"]
[Round "6"]
[White "Corriveau, Philippe"]
[Black "Lipnowski, Irwin"]
[Result "0-1"]
[WhiteElo "1909"]
[BlackElo "2416"]
[PlyCount "146"]
[EventDate "2002.07.13"]
[EventType "swiss"]
[EventRounds "9"]
[EventCountry "CAN"]

1. e4 c5 2. Nc3 Nc6 3. g3 g6 4. Bg2 Bg7 5. d3 d6 6. f4 e6 7. Nf3 Nge7 8. O-O
O-O 9. Be3 Nd4 10. e5 dxe5 11. fxe5 Nef5 12. Bf2 Rb8 13. Ne4 b6 14. Nf6+ Bxf6
15. exf6 Qxf6 16. Nxd4 cxd4 17. g4 Nd6 18. Bg3 Qd8 19. Be5 f6 20. Bxd4 e5 21.
Be3 Bb7 22. c4 Qd7 23. Qe2 f5 24. Bh6 Rfe8 25. gxf5 Nxf5 26. Bxb7 Rxb7 27. Be3
e4 28. Rad1 exd3 29. Rxd3 Qe6 30. Rf3 Qxc4 31. b3 Qe4 32. Qd1 Rbe7 33. Bf2 Qc6
34. Rd2 Re4 35. Rc2 Qe6 36. Qd3 Re2 37. Kf1 Rxc2 38. Qxc2 Qd5 39. Qd3 Qxd3+ 40.
Rxd3 Re7 41. Rd2 Kf7 42. Rc2 Ne3+ 43. Bxe3 Rxe3 44. Rc7+ Re7 45. Rc6 Ke8 46.
Kf2 Rf7+ 47. Ke2 Kd7 48. Rc3 Kd6 49. Rh3 Kc5 50. a3 Kd4 51. Rd3+ Ke5 52. Re3+
Kd6 53. Rd3+ Ke7 54. Re3+ Kf8 55. Rc3 Kg7 56. a4 Kh6 57. Rc4 Kh5 58. h4 h6 59.
b4 g5 60. hxg5 hxg5 61. Ke3 g4 62. a5 bxa5 63. Rc5+ Kh4 64. bxa5 Kg3 65. Rc6
Rf5 66. Ra6 Re5+ 67. Kd4 Re7 68. Rf6 Kg2 69. Kd3 g3 70. Kd2 Kg1 71. Kd1 g2 72.
Rg6 Re4 73. Rg7 Kh2 0-1

[Event "CAN/QC op"]
[Site "Montreal CAN"]
[Date "2002.07.17"]
[Round "6"]
[White "Cuartas, Carlos"]
[Black "Pilote, Guillaume"]
[Result "1-0"]
[WhiteElo "2343"]
[BlackElo "1839"]
[PlyCount "73"]
[EventDate "2002.07.13"]
[EventType "swiss"]
[EventRounds "9"]
[EventCountry "CAN"]

1. e4 c5 2. Nf3 d6 3. d4 cxd4 4. Qxd4 a6 5. Bg5 Nc6 6. Qd2 g6 7. Be2 Bg7 8. Nc3
Nf6 9. O-O O-O 10. h3 Be6 11. Rfe1 Qc7 12. Bf1 Rfd8 13. Nd5 Bxd5 14. exd5 Na5
15. b3 b5 16. c4 Ne4 17. Rxe4 Bxa1 18. Rxe7 Rd7 19. Rxd7 Qxd7 20. Qxa5 Qf5 21.
Qd2 Bg7 22. Nd4 bxc4 23. Bxc4 Re8 24. Nc6 h5 25. Bf4 Bf8 26. a4 Kh7 27. Be3 Bg7
28. Qd3 Ra8 29. b4 Kg8 30. a5 Kh7 31. h4 Kg8 32. g3 Kh7 33. b5 axb5 34. Bxb5
Qc8 35. a6 Qg4 36. Kg2 f5 37. f3 1-0

[Event "CAN/QC op"]
[Site "Montreal CAN"]
[Date "2002.07.17"]
[Round "6"]
[White "Deimert, Elroy"]
[Black "Kret, Ted"]
[Result "0-1"]
[WhiteElo "1561"]
[BlackElo "2159"]
[PlyCount "66"]
[EventDate "2002.07.13"]
[EventType "swiss"]
[EventRounds "9"]
[EventCountry "CAN"]

1. e4 g6 2. d4 Bg7 3. e5 d6 4. f4 Nh6 5. Nf3 O-O 6. Bc4 c5 7. c3 Qc7 8. Qc2 Bf5
9. Bd3 cxd4 10. Bxf5 Nxf5 11. Qe2 Nc6 12. e6 fxe6 13. Qxe6+ Kh8 14. O-O dxc3
15. bxc3 Ncd4 16. cxd4 Nxd4 17. Qe4 Nxf3+ 18. Qxf3 Bxa1 19. Be3 e5 20. Nd2 exf4
21. Rxa1 fxe3 22. Qxe3 Qc5 23. Qxc5 dxc5 24. Nf3 c4 25. Rc1 b5 26. a4 a6 27.
Kf2 Rac8 28. Ke3 c3 29. axb5 axb5 30. Kd3 Rfd8+ 31. Kc2 g5 32. g4 Rf8 33. Nd4
Rf2+ 0-1

[Event "CAN/QC op"]
[Site "Montreal CAN"]
[Date "2002.07.17"]
[Round "6"]
[White "Dubuc, Gabriel"]
[Black "Urquhart, Eddie"]
[Result "0-1"]
[WhiteElo "1922"]
[BlackElo "2296"]
[PlyCount "80"]
[EventDate "2002.07.13"]
[EventType "swiss"]
[EventRounds "9"]
[EventCountry "CAN"]

1. e4 c6 2. d4 d5 3. exd5 cxd5 4. c4 Nf6 5. Nc3 g6 6. Nf3 Bg7 7. Be2 O-O 8. O-O
dxc4 9. Bxc4 Bg4 10. Be3 Nc6 11. Be2 Nd5 12. Nxd5 Qxd5 13. h3 Bf5 14. Rc1 Qxa2
15. d5 Rfd8 16. Bc4 Qxb2 17. Nd2 Na5 18. g4 Bd7 19. Rb1 Qf6 20. Ba2 e6 21. Nf3
Qe7 22. Qd2 b6 23. Rfe1 Rac8 24. Bg5 f6 25. Bh6 Kh8 26. Bxg7+ Qxg7 27. Qb4 e5
28. Rbc1 Qf8 29. Qd2 Rxc1 30. Rxc1 Rc8 31. Rxc8 Bxc8 32. g5 Nb7 33. gxf6 Qxf6
34. Qc3 Bxh3 35. d6 Nxd6 36. Qb3 Kg7 37. Kh2 Bf1 38. Qg8+ Kh6 39. Kg1 Qxf3 40.
Kxf1 Ne4 0-1

[Event "CAN/QC op"]
[Site "Montreal CAN"]
[Date "2002.07.17"]
[Round "6"]
[White "Fernandez, Lautaro"]
[Black "Linskiy, Oleg"]
[Result "0-1"]
[WhiteElo "2006"]
[BlackElo "2473"]
[PlyCount "56"]
[EventDate "2002.07.13"]
[EventType "swiss"]
[EventRounds "9"]
[EventCountry "CAN"]

1. e4 c5 2. Nf3 Nc6 3. d4 cxd4 4. Nxd4 Qb6 5. Nb3 Nf6 6. Nc3 e6 7. Bd3 d6 8.
Be3 Qc7 9. O-O a6 10. a4 b6 11. f4 Bb7 12. Kh1 Be7 13. Qf3 Nd7 14. Qh3 Nb4 15.
Rae1 Bf6 16. Nd4 Nc5 17. Bg1 O-O-O 18. e5 dxe5 19. fxe5 Bxe5 20. Ndb5 axb5 21.
Nxb5 Nbxd3 22. Nxc7 Nxe1 23. Rxe1 Bxc7 24. Be3 Rd5 25. Qh4 Rhd8 26. Bf4 g5 27.
Bxg5 Rg8 28. Bf4 Rd4 0-1

[Event "CAN/QC op"]
[Site "Montreal CAN"]
[Date "2002.07.17"]
[Round "6"]
[White "Fillion, Nicolas"]
[Black "Bergeron, Pascal"]
[Result "0-1"]
[WhiteElo "1536"]
[BlackElo "2129"]
[PlyCount "60"]
[EventDate "2002.07.13"]
[EventType "swiss"]
[EventRounds "9"]
[EventCountry "CAN"]

1. e4 e5 2. Nf3 Nf6 3. Nxe5 d6 4. Nf3 Nxe4 5. d4 d5 6. Bd3 Be7 7. c4 Nf6 8. O-O
Bg4 9. c5 O-O 10. Be3 Ne4 11. Be2 Nc6 12. Nfd2 Bxe2 13. Qxe2 f5 14. f3 Ng5 15.
a3 f4 16. Bf2 Bf6 17. Qd3 Ne6 18. Nb3 Qd7 19. Nc3 g6 20. Rfe1 Rae8 21. Rad1 Ne7
22. Nd2 Nf5 23. Ne2 Qg7 24. Nb3 Re7 25. Na5 c6 26. b4 Rfe8 27. Kf1 Qh6 28. h3
Bh4 29. Bxh4 Qxh4 30. Rd2 Ne3+ 0-1

[Event "CAN/QC op"]
[Site "Montreal CAN"]
[Date "2002.07.17"]
[Round "6"]
[White "Gauthier, Denis"]
[Black "Gagnon, Michel"]
[Result "0-1"]
[WhiteElo "1883"]
[BlackElo "2212"]
[PlyCount "46"]
[EventDate "2002.07.13"]
[EventType "swiss"]
[EventRounds "9"]
[EventCountry "CAN"]

1. d4 d5 2. c4 e6 3. Nc3 Nf6 4. cxd5 exd5 5. Bg5 Nbd7 6. e3 Be7 7. Bd3 O-O 8.
Nge2 Re8 9. O-O c6 10. Qc2 Nf8 11. f3 h6 12. Bh4 Ne6 13. Rad1 a6 14. a3 Bf8 15.
Bf2 c5 16. dxc5 Bxc5 17. b4 Ba7 18. Bf5 Nf8 19. Nd4 Bd7 20. Nce2 Rc8 21. Qb2
Ne6 22. Rfe1 Nxd4 23. Nxd4 Bxd4 0-1

[Event "CAN/QC op"]
[Site "Montreal CAN"]
[Date "2002.07.17"]
[Round "6"]
[White "Hua, Lefong"]
[Black "Degraeve, Jean Marc"]
[Result "0-1"]
[WhiteElo "2307"]
[BlackElo "2612"]
[PlyCount "106"]
[EventDate "2002.07.13"]
[EventType "swiss"]
[EventRounds "9"]
[EventCountry "CAN"]

1. d4 Nf6 2. c4 c5 3. d5 d6 4. Nc3 g6 5. e4 Bg7 6. f4 O-O 7. Nf3 e6 8. Be2 exd5
9. cxd5 Bg4 10. O-O Nbd7 11. h3 Bxf3 12. Bxf3 Re8 13. a4 Qa5 14. Bd2 c4 15. Kh1
a6 16. Qc2 Qc7 17. Be3 Rac8 18. Rfe1 Qb8 19. a5 Nc5 20. Bxc5 Rxc5 21. Qa4 h5
22. Qb4 Nd7 23. Na4 Rb5 24. Qxc4 Rxa5 25. Qb4 Rb5 26. Qd2 Nb6 27. Nxb6 Rxb6 28.
Rab1 Qd8 29. b4 Qf6 30. Qe3 Qd4 31. Qxd4 Bxd4 32. Rb3 h4 33. Rd1 Bf2 34. e5
dxe5 35. d6 exf4 36. d7 Rd8 37. Rc3 Kf8 38. Rc7 Rxb4 39. Rxb7 a5 40. Rxb4 axb4
41. Bc6 Ke7 42. Ba4 f6 43. Rb1 Rb8 44. Rc1 Kd8 45. Rc4 f5 46. Kh2 g5 47. Kh1
Be3 48. Kh2 Bb6 49. Rc6 Ra8 50. Bb5 Bf2 51. Rc1 Be3 52. Rc6 Rb8 53. Ba4 Kxd7
0-1

[Event "CAN/QC op"]
[Site "Montreal CAN"]
[Date "2002.07.17"]
[Round "6"]
[White "Khassanov, Marat"]
[Black "Masse, Hugues"]
[Result "1-0"]
[WhiteElo "2375"]
[BlackElo "2105"]
[PlyCount "89"]
[EventDate "2002.07.13"]
[EventType "swiss"]
[EventRounds "9"]
[EventCountry "CAN"]

1. e4 c5 2. Nf3 d6 3. c3 Nf6 4. Bd3 g6 5. Bc2 Bg7 6. O-O O-O 7. Re1 Nc6 8. d4
Bg4 9. d5 Ne5 10. Nbd2 b5 11. h3 Nxf3+ 12. Nxf3 Bxf3 13. Qxf3 Nd7 14. Bg5 Re8
15. Rad1 Qc7 16. Qe3 Nb6 17. Bd3 c4 18. Bc2 Na4 19. Bxa4 bxa4 20. a3 Rab8 21.
Qe2 Rb7 22. Bc1 Reb8 23. Kh1 Rc8 24. f4 f6 25. Rd4 Rb5 26. h4 h6 27. Qd1 Ra5
28. Re3 Qd7 29. Rg3 Kh7 30. f5 g5 31. Qh5 Qe8 32. Qxe8 Rxe8 33. Rxc4 gxh4 34.
Rg6 Bf8 35. Rd4 e6 36. dxe6 Rxe6 37. Rg4 Re8 38. Kh2 d5 39. exd5 Bd6+ 40. Bf4
Bxf4+ 41. Rgxf4 Rd8 42. c4 Rb8 43. Rg4 Ra6 44. Rg6 Rb7 45. c5 1-0

[Event "CAN/QC op"]
[Site "Montreal CAN"]
[Date "2002.07.17"]
[Round "6"]
[White "Lawson, Eric"]
[Black "Proulx, Denis"]
[Result "1-0"]
[WhiteElo "2282"]
[BlackElo "1862"]
[PlyCount "67"]
[EventDate "2002.07.13"]
[EventType "swiss"]
[EventRounds "9"]
[EventCountry "CAN"]

1. d4 Nf6 2. Bg5 g6 3. Bxf6 exf6 4. c4 f5 5. e3 d6 6. Nc3 Bg7 7. g3 Nd7 8. Nge2
Nf6 9. Bg2 O-O 10. b4 Re8 11. b5 Ne4 12. a4 c6 13. O-O Bd7 14. Qd3 Qe7 15. Rab1
b6 16. Rfc1 g5 17. bxc6 Bxc6 18. Nd5 Bxd5 19. cxd5 g4 20. Rc6 Rad8 21. Rbc1 Rd7
22. Nc3 Nxc3 23. R1xc3 Qf6 24. Qb5 Bf8 25. Bf1 Red8 26. Bd3 Kg7 27. Qa6 Kg6 28.
Rc7 h5 29. Qxa7 Rxc7 30. Rxc7 h4 31. Qxb6 Bg7 32. a5 hxg3 33. hxg3 Kg5 34. Rxf7
1-0

[Event "CAN/QC op"]
[Site "Montreal CAN"]
[Date "2002.07.17"]
[Round "6"]
[White "Legky, Nikolay"]
[Black "Mayo, Alvah"]
[Result "1-0"]
[WhiteElo "2465"]
[BlackElo "2119"]
[PlyCount "113"]
[EventDate "2002.07.13"]
[EventType "swiss"]
[EventRounds "9"]
[EventCountry "CAN"]

1. d4 g6 2. c4 Bg7 3. Nc3 c5 4. d5 Bxc3+ 5. bxc3 f5 6. Nf3 Qa5 7. Qc2 d6 8. g3
Nd7 9. Bg2 Ngf6 10. O-O Ne4 11. Re1 Nb6 12. Bh6 Qa4 13. Qc1 Bd7 14. Nd2 Nxd2
15. Qxd2 Nxc4 16. Qg5 Ne5 17. e4 Nf7 18. Qd2 O-O-O 19. exf5 Bxf5 20. Rxe7 Rd7
21. Ree1 Qc2 22. Qxc2 Bxc2 23. Bg7 Rg8 24. Bf6 Bf5 25. h3 Rf8 26. c4 Nd8 27.
Bb2 Rdf7 28. f4 b6 29. Re3 Nb7 30. Bc3 Kd8 31. Rae1 Bd7 32. Kh2 a6 33. Bd2 Kc7
34. Ra3 Ra8 35. Bf1 Kd8 36. g4 Kc7 37. Kg3 Kd8 38. Rb1 Kc7 39. Rab3 Ra7 40.
Rxb6 Rf8 41. Bd3 Rf7 42. Bc3 Re7 43. Kf3 Rf7 44. f5 gxf5 45. g5 Re7 46. h4 a5
47. Kf4 a4 48. h5 Re8 49. Bxf5 a3 50. g6 hxg6 51. hxg6 Re2 52. g7 Rg2 53. Be6
Nd8 54. g8=Q Rxg8 55. Bxg8 Ra4 56. Bf6 Rxc4+ 57. Ke3 1-0

[Event "CAN/QC op"]
[Site "Montreal CAN"]
[Date "2002.07.17"]
[Round "6"]
[White "MacLeod, Steven"]
[Black "Jones, Christopher2"]
[Result "1/2-1/2"]
[WhiteElo "2070"]
[BlackElo "1545"]
[PlyCount "100"]
[EventDate "2002.07.13"]
[EventType "swiss"]
[EventRounds "9"]
[EventCountry "CAN"]

1. c4 c5 2. g3 g6 3. Bg2 Bg7 4. Nc3 d6 5. a3 Nc6 6. Rb1 Bd7 7. b4 Rb8 8. Nh3
Qc8 9. Nf4 Ne5 10. bxc5 Bc6 11. cxd6 Bxg2 12. Nxg2 Qc6 13. O-O Qxd6 14. Qa4+
Qd7 15. Qxa7 Nc6 16. Qb6 Bd4 17. Qb5 Nf6 18. Nd5 Ne4 19. e3 Ng5 20. Nc7+ Qxc7
21. Qxg5 Bg7 22. Qb5 O-O 23. d4 Rfd8 24. Bb2 Ra8 25. c5 e5 26. dxe5 Bxe5 27. f4
Bxb2 28. Rxb2 Rxa3 29. Qxb7 Qxb7 30. Rxb7 Rc3 31. Rb2 Rxc5 32. e4 Nd4 33. Kf2
Rdc8 34. Ne3 Rc3 35. Rfb1 R3c7 36. Rd1 Ne6 37. Nd5 Rc2+ 38. Rd2 Rxd2+ 39. Rxd2
Rc4 40. Ke3 h5 41. Nf6+ Kf8 42. f5 Nc5 43. Nd7+ Nxd7 44. Rxd7 gxf5 45. exf5 Ke8
46. Rd4 Rc5 47. Rf4 Ke7 48. Kd4 Ra5 49. Ke4 Kf6 50. Rf2 Re5+ 1/2-1/2

[Event "CAN/QC op"]
[Site "Montreal CAN"]
[Date "2002.07.17"]
[Round "6"]
[White "Mathews, Theo"]
[Black "Brodie, Hugh"]
[Result "1/2-1/2"]
[WhiteElo "1778"]
[BlackElo "1902"]
[PlyCount "50"]
[EventDate "2002.07.13"]
[EventType "swiss"]
[EventRounds "9"]
[EventCountry "CAN"]

1. e4 c5 2. Nf3 Nc6 3. d4 cxd4 4. Nxd4 g6 5. Nxc6 bxc6 6. Nc3 Bg7 7. Bc4 d6 8.
O-O Nf6 9. Kh1 O-O 10. f3 Qb6 11. Qe2 Nd7 12. Nd1 Ne5 13. Re1 Nxc4 14. Qxc4 Ba6
15. Qb3 Qa5 16. Qe3 Bd4 17. Qd2 Qb6 18. c3 Bg7 19. b3 c5 20. Qc2 Rac8 21. Be3
Qa5 22. Rc1 Rfd8 23. Qf2 Rd7 24. c4 Bb7 25. Qd2 Qxd2 1/2-1/2

[Event "CAN/QC op"]
[Site "Montreal CAN"]
[Date "2002.07.17"]
[Round "6"]
[White "Morin, Louis"]
[Black "Bannon, Eric"]
[Result "1-0"]
[WhiteElo "1864"]
[BlackElo "2199"]
[PlyCount "79"]
[EventDate "2002.07.13"]
[EventType "swiss"]
[EventRounds "9"]
[EventCountry "CAN"]

1. e4 c5 2. d4 cxd4 3. c3 dxc3 4. Nxc3 Nc6 5. Nf3 e6 6. Bc4 Qc7 7. Qe2 Nf6 8.
h3 d6 9. O-O Be7 10. Bf4 a6 11. Rac1 Bd7 12. Bb3 O-O 13. Nd5 Qd8 14. Nxe7+ Qxe7
15. Rfd1 e5 16. Bg5 Rfd8 17. Bd5 h6 18. Be3 Rdc8 19. Qd2 Ne8 20. Bb6 Be6 21. a3
Qd7 22. Bxc6 Rxc6 23. Be3 Rac8 24. Rxc6 Qxc6 25. Qd3 Qc2 26. Qxc2 Rxc2 27. Rd2
Rc4 28. Bb6 Rxe4 29. Ba5 f6 30. Bb4 d5 31. Rc2 Rf4 32. Bd2 Rc4 33. Rxc4 dxc4
34. Bb4 Bd5 35. Ne1 Nc7 36. Nc2 b6 37. Ne3 Be6 38. Bd6 Nb5 39. Bb8 c3 40. bxc3
1-0

[Event "CAN/QC op"]
[Site "Montreal CAN"]
[Date "2002.07.17"]
[Round "6"]
[White "Nguyen, Kim"]
[Black "Sarwer, Jeff"]
[Result "0-1"]
[WhiteElo "1988"]
[BlackElo "2336"]
[PlyCount "40"]
[EventDate "2002.07.13"]
[EventType "swiss"]
[EventRounds "9"]
[EventCountry "CAN"]

1. e4 Nc6 2. Nf3 d6 3. d4 Nf6 4. d5 Ne5 5. Nxe5 dxe5 6. Bb5+ Bd7 7. Bxd7+ Qxd7
8. Qd3 a6 9. O-O e6 10. Qb3 O-O-O 11. dxe6 Qxe6 12. Qxe6+ fxe6 13. Bg5 h6 14.
Bh4 Bc5 15. Bg3 Nxe4 16. Bxe5 Nxf2 17. Bxg7 Rhg8 18. Bc3 Ng4+ 19. Kh1 Ne3 20.
Rc1 Nxc2 0-1

[Event "CAN/QC op"]
[Site "Montreal CAN"]
[Date "2002.07.17"]
[Round "6"]
[White "Ochkoos, Jura"]
[Black "Strub, Michael"]
[Result "1-0"]
[WhiteElo "2251"]
[BlackElo "1815"]
[PlyCount "71"]
[EventDate "2002.07.13"]
[EventType "swiss"]
[EventRounds "9"]
[EventCountry "CAN"]

1. e4 e5 2. Nf3 Nf6 3. Nxe5 d6 4. Nf3 Nxe4 5. d4 d5 6. Bd3 Nc6 7. O-O Be7 8. c4
Nb4 9. Be2 O-O 10. a3 Nc6 11. cxd5 Qxd5 12. Nc3 Nxc3 13. bxc3 Bf5 14. Bf4 Qa5
15. Bd2 Be4 16. c4 Qf5 17. d5 Bxf3 18. Bxf3 Ne5 19. Be2 a5 20. Be3 b6 21. Bd4
Rad8 22. f4 Ng6 23. Bd3 Qd7 24. f5 Nh8 25. f6 gxf6 26. Qh5 Ng6 27. Rf3 Kg7 28.
Rh3 Rh8 29. Kh1 Rde8 30. Rf1 Qd6 31. Qh6+ Kg8 32. Re3 Qd8 33. Rfe1 Rf8 34. Rxe7
Ne5 35. R1xe5 fxe5 36. Qg5# 1-0

[Event "CAN/QC op"]
[Site "Montreal CAN"]
[Date "2002.07.17"]
[Round "6"]
[White "Patterson, Roger"]
[Black "Rondeau, Samuel"]
[Result "1-0"]
[WhiteElo "2246"]
[BlackElo "1740"]
[PlyCount "62"]
[EventDate "2002.07.13"]
[EventType "swiss"]
[EventRounds "9"]
[EventCountry "CAN"]

1. e4 e6 2. d4 d5 3. Nc3 Nf6 4. e5 Nfd7 5. f4 c5 6. Nf3 Nc6 7. Ne2 Qb6 8. c3
Be7 9. g3 f5 10. Bg2 Nf8 11. O-O Bd7 12. Rf2 h6 13. b3 g6 14. Ba3 a5 15. Bxc5
Bxc5 16. dxc5 Qxc5 17. Rc1 Rd8 18. c4 Ne7 19. cxd5 Qa3 20. d6 Nd5 21. Qd2 a4
22. Nfd4 axb3 23. axb3 Qb4 24. Qxb4 Nxb4 25. Rc7 Nd3 26. Rf1 g5 27. Rd1 Nb4 28.
Rxb7 Nd5 29. Bxd5 exd5 30. e6 Nxe6 31. Nxe6 Bxe6 1-0

[Event "CAN/QC op"]
[Site "Montreal CAN"]
[Date "2002.07.17"]
[Round "6"]
[White "Schleifer, Michael"]
[Black "Radovic, Miladin"]
[Result "1-0"]
[WhiteElo "2362"]
[BlackElo "1327"]
[PlyCount "49"]
[EventDate "2002.07.13"]
[EventType "swiss"]
[EventRounds "9"]
[EventCountry "CAN"]

1. d4 Nf6 2. c4 g6 3. Nc3 Bg7 4. e4 d6 5. f3 O-O 6. Be3 Nbd7 7. Bd3 e5 8. d5 c5
9. Nge2 a6 10. Qd2 Nh5 11. g4 Nhf6 12. h4 h5 13. Bg5 Qe8 14. gxh5 Nxh5 15.
O-O-O Ndf6 16. Rdg1 Bd7 17. Nd1 b5 18. Ne3 Qc8 19. Bxf6 Nxf6 20. h5 Nxh5 21.
Nf5 Bxf5 22. exf5 bxc4 23. Be4 gxf5 24. Rxh5 fxe4 25. Rxg7+ 1-0

[Event "CAN/QC op"]
[Site "Montreal CAN"]
[Date "2002.07.17"]
[Round "6"]
[White "Singher, Jean-Pierre"]
[Black "Voskanyan, Vahagn"]
[Result "0-1"]
[WhiteElo "1948"]
[BlackElo "2359"]
[PlyCount "120"]
[EventDate "2002.07.13"]
[EventType "swiss"]
[EventRounds "9"]
[EventCountry "CAN"]

1. d4 d5 2. c4 e6 3. Nc3 Nf6 4. e3 c5 5. Nf3 Nc6 6. a3 cxd4 7. exd4 Be7 8. Bd3
dxc4 9. Bxc4 O-O 10. O-O b6 11. Bg5 Bb7 12. Qd3 Qd6 13. Rfe1 Rad8 14. Rad1 Qb8
15. Bh4 Nh5 16. Re4 Nf4 17. Qe3 Ng6 18. Bg3 Bd6 19. d5 exd5 20. Bxd5 Bxg3 21.
hxg3 Na5 22. b4 Bxd5 23. Rxd5 Nc6 24. b5 Na5 25. Nd4 Rxd5 26. Nxd5 Qd6 27. Nb4
Nc4 28. Nf5 Qd1+ 29. Qe1 Qxe1+ 30. Rxe1 Nxa3 31. Nd4 Rc8 32. Nbc6 Nxb5 33. Nxb5
Rxc6 34. Re8+ Nf8 35. Nxa7 Rc1+ 36. Kh2 g6 37. Rb8 Rb1 38. Nc8 b5 39. Na7 b4
40. Nc6 b3 41. Na5 Rf1 42. Rxb3 Rxf2 43. Rf3 Rc2 44. Nb3 Nd7 45. Nd4 Rd2 46.
Rf4 Rd1 47. Nf3 Nc5 48. g4 Rd5 49. Kg3 Ne6 50. Ra4 h6 51. Rc4 Kg7 52. Kf2 Ra5
53. Rc2 Ra4 54. Kg3 Re4 55. Rd2 g5 56. Ra2 Nf4 57. Rd2 Ng6 58. Nd4 Ne5 59. Nf5+
Kg6 60. Rd6+ f6 0-1

[Event "CAN/QC op"]
[Site "Montreal CAN"]
[Date "2002.07.17"]
[Round "6"]
[White "Sullivan, Neil"]
[Black "Bates, Darren"]
[Result "1-0"]
[WhiteElo "2129"]
[BlackElo "1554"]
[PlyCount "73"]
[EventDate "2002.07.13"]
[EventType "swiss"]
[EventRounds "9"]
[EventCountry "CAN"]

1. e4 b6 2. d4 Bb7 3. Bd3 e6 4. Nf3 c5 5. O-O cxd4 6. Nxd4 Bc5 7. Nb3 d6 8. Nc3
Ne7 9. Qe2 Ng6 10. Be3 O-O 11. Rad1 Qc7 12. Nb5 Qc6 13. N5d4 Qc7 14. c3 Ne5 15.
Bb1 Bxd4 16. cxd4 Ba6 17. Qh5 Bxf1 18. dxe5 dxe5 19. Rxf1 Nc6 20. f4 exf4 21.
Rxf4 Qe5 22. Qe2 Rad8 23. Rh4 g5 24. Bxg5 Rd7 25. Bf4 Qf6 26. Qg4+ Qg6 27. Qe2
Qf6 28. Bg5 Qe5 29. Rg4 Kh8 30. Bf4 Qf6 31. e5 Qd8 32. Qe4 Rd1+ 33. Kf2 Rxb1
34. Qxb1 f6 35. exf6 Qxf6 36. Qc2 Nd4 37. Qc3 1-0

[Event "CAN/QC op"]
[Site "Montreal CAN"]
[Date "2002.07.17"]
[Round "6"]
[White "Wong, Wylon"]
[Black "Meng, Fanhao"]
[Result "0-1"]
[WhiteElo "1766"]
[BlackElo "2116"]
[PlyCount "102"]
[EventDate "2002.07.13"]
[EventType "swiss"]
[EventRounds "9"]
[EventCountry "CAN"]

1. d4 d5 2. g3 Nf6 3. Bg2 Bf5 4. Nf3 e6 5. Nbd2 c5 6. b3 Nc6 7. Bb2 Nb4 8. O-O
Bxc2 9. Qc1 Bg6 10. a3 Nc2 11. Ra2 Rc8 12. Qd1 cxd4 13. Nxd4 Nxd4 14. Bxd4 Bc5
15. Nf3 O-O 16. Qa1 Bxd4 17. Nxd4 a6 18. Rc1 Qb6 19. e3 Rc7 20. Rd2 Rfc8 21.
Rdd1 h6 22. Rxc7 Qxc7 23. Qb2 Qc3 24. Rd2 Qxb2 25. Rxb2 Rc1+ 26. Bf1 Bd3 27.
Ne2 Bxe2 28. Rxe2 Rb1 29. b4 Rc1 30. Kg2 Ne4 31. Rb2 g6 32. b5 axb5 33. Rxb5
Rc2 34. Bd3 Rxf2+ 35. Kg1 Ra2 36. Bxe4 dxe4 37. Rxb7 Rxa3 38. Kf2 Ra2+ 39. Kg1
Re2 40. Rb3 Kg7 41. h4 g5 42. hxg5 hxg5 43. Kf1 Ra2 44. Rb4 f5 45. g4 Kf6 46.
Rb6 fxg4 47. Rb4 Kf5 48. Rb5+ e5 49. Rb4 g3 50. Rc4 Kg4 51. Rxe4+ Kf3 0-1

[Event "CAN/QC op"]
[Site "Montreal CAN"]
[Date "2002.07.17"]
[Round "6"]
[White "Ye, Ling Feng"]
[Black "Caceres Cortes, Julio"]
[Result "0-1"]
[WhiteElo "1518"]
[BlackElo "2090"]
[PlyCount "94"]
[EventDate "2002.07.13"]
[EventType "swiss"]
[EventRounds "9"]
[EventCountry "CAN"]

1. e4 c5 2. Nf3 e6 3. d4 cxd4 4. Nxd4 Nc6 5. Be3 a6 6. a3 Qc7 7. Nc3 Nf6 8. Be2
Ne5 9. O-O Bc5 10. f4 Ng6 11. Qd2 d6 12. Kh1 O-O 13. Rad1 b5 14. Nb3 Bxe3 15.
Qxe3 Bb7 16. g3 Rad8 17. Bf3 Rfe8 18. Rd2 Nd7 19. Rfd1 Nb6 20. Na5 Ba8 21. Kg1
Ne7 22. Rd3 d5 23. Qd2 Nc4 24. Nxc4 bxc4 25. Rd4 Nc6 26. exd5 Nxd4 27. Qxd4
exd5 28. Bxd5 h6 29. Kf2 Qe7 30. Qd2 Qc5+ 31. Kf1 Bc6 32. Qg2 Qe3 33. Qf2 Qxf2+
34. Kxf2 Bxd5 35. Rxd5 Rxd5 36. Nxd5 Rb8 37. Ke3 Rxb2 38. Kd2 Ra2 39. Nb6 Rxa3
40. Nxc4 Ra1 41. Ne5 f6 42. Nf3 Kf7 43. c4 Ke6 44. Nd4+ Kd7 45. Ke3 Rc1 46. Kd3
Rh1 47. Nf3 Kc6 0-1

[Event "CAN/QC op"]
[Site "Montreal CAN"]
[Date "2002.07.17"]
[Round "6.115"]
[White "Dufour, Raymond"]
[Black "Strojevs, Alexander"]
[Result "0-1"]
[WhiteElo "1415"]
[BlackElo "1815"]
[PlyCount "60"]
[EventDate "2002.07.13"]
[EventType "swiss"]
[EventRounds "9"]
[EventCountry "CAN"]

1. e4 c5 2. Nf3 d6 3. d4 cxd4 4. Nxd4 Nf6 5. Nc3 g6 6. Bg5 Bg7 7. Be2 O-O 8.
Qd2 Nc6 9. f4 Bd7 10. h3 Nxe4 11. Nxc6 Bxc6 12. Nxe4 Bxe4 13. c3 Re8 14. Rg1
Qa5 15. g4 Rac8 16. f5 d5 17. fxg6 fxg6 18. Be3 Rxc3 19. Bd4 Bxd4 20. Qxd4 Rd3+
21. b4 Rxd4 22. bxa5 Rc8 23. Kf2 Rc2 24. Ke3 Rdd2 25. a6 b6 26. Rae1 Rxa2 27.
h4 Rdc2 28. h5 g5 29. h6 e5 30. Kf2 Bd3 0-1